000 00431cam a2200181ua 4500
001 4250
008 120213n ii |||gr||||Z||||||asm
040 _cMAIN
082 _a808.8032
100 _aSaikia, Padmadhar,
245 1 1 _aDeshe bideshe
_cby Padmadhar Saikia
250 _a1st.
260 _aGuwahati:
_bBani Mandir,996.
300 _a109p:
_c23cm.
653 _aAssamese traveller
653 _aDeshe bideshe
942 _cBK
999 _c4071
_d4071